000 00400nam a2200133 4500
020 _a9780814722329
050 _aRA 644
_b.P7 E34
100 _aEchenberg, Myron
245 _aPlaque Ports
_bThe Global Urban Impact of Bubonic Plaque, 1894-1901
_c Myron Echenberg.
260 _aNew York University Press :
_bNew York,
_c2007.
300 _axvi, 349 p.:
650 _bPlaque
_vHistory
942 _2lcc
_cGEN
999 _c15193
_d15193